00385nam a2200097Ia 45000010005000000080041000050820025000461000138000712450056002092600022002652793241024s9999 xx 000 0 und d aRD/320.5097293/R426l aRepública Dominicana. Presidencia de la República Dominicana. Dirección de Información, Prensa y Publicidad de la Presidencia 0aLecturas Recomendadas. Comunicación Gubernamental bEd. IMAGRAFc2008